|
|
|
|
| LEADER |
00794nab a2200205 i 4500 |
| 001 |
misc27955 |
| 005 |
20191111110255.0 |
| 008 |
170923s1989 hu o 0|| zxx d |
| 040 |
|
|
|a SZTE Miscellanea Repozitórium
|b hun
|
| 041 |
|
|
|a zxx
|
| 100 |
1 |
|
|a Vainiotalo Pirjo
|
| 245 |
1 |
0 |
|a Mass spectrometric intramolecular cyclization reactions of some 2-N-phenyliminoperhydro-1,3-oxazines
|h [elektronikus dokumentum] /
|c Vainiotalo Pirjo
|
| 260 |
|
|
|c 1989
|
| 300 |
|
|
|a 1453-1459
|
| 490 |
0 |
|
|a Kolligátum
|
| 695 |
|
|
|a Heterociklusos vegyületek - szintézis, Szerves kémia - reakciómechanizmus, Tömegspektrometria
|
| 700 |
0 |
1 |
|a Fülöp Ferenc
|e aut
|
| 700 |
0 |
1 |
|a Bernáth Gábor
|e aut
|
| 700 |
0 |
1 |
|a Pihlaja Kalevi
|e aut
|
| 856 |
4 |
0 |
|u http://misc.bibl.u-szeged.hu/27955/1/018_019_243-249.pdf
|z Dokumentum-elérés
|